Mapping the darkness (Record no. 3541)

MARC details
000 -LEADER
fixed length control field 00477nam a22001457a 4500
008 - FIXED-LENGTH DATA ELEMENTS--GENERAL INFORMATION
fixed length control field 250519b |||||||| |||| 00| 0 eng d
020 ## - INTERNATIONAL STANDARD BOOK NUMBER
ISBN 9780861545162
100 ## - MAIN ENTRY--AUTHOR
Author Miller ,Kenneth
245 ## - TITLE STATEMENT
Title Mapping the darkness
Remainder of title the visionary scientists who unlocked the mysteries of sleep
260 ## - PUBLICATION, DISTRIBUTION, ETC. (IMPRINT)
Place of publication London
Name of publisher One world publications
Date of publication 2023
300 ## - COLLATION
Pagination xviii, 330
Other physical details ill
650 ## - TRACINGS
Main Subject Kleitman, Nathaniel, 1895-1999
Subdivision (1st) Dement, william c, 1928-2020
942 ## - ADDED ENTRY ELEMENTS (KOHA)
Item type Books
050 ## - LIBRARY OF CONGRESS CALL NUMBER
Classification number QP425
Item number .M55
Holdings
Source of classification or shelving scheme Not for loan Permanent location Current location Date acquired Accession No. Full call number Barcode. Koha item type
Library of Congress Classification   Samuel Ogbemudia Main Library, University of Abuja Samuel Ogbemudia Main Library, University of Abuja 05/19/2025 2024/63887 QP425.M55 2025-2015 Books